Aquaculture : vocabulaire anglais-français, francais-anglais = Aquaculture : English-French, French-English vocabulary /
Saved in:
| 企业作者: | |
|---|---|
| 格式: | 图书 |
| 语言: | English |
| 出版: |
Moncton, N.B. :
Editions d'Acadie,
1997.
|
| 主题: | |
| 标签: |
添加标签
没有标签, 成为第一个标记此记录!
|
| LEADER | 01264nam a22003378a 4500 | ||
|---|---|---|---|
| 001 | 007764774-2 | ||
| 005 | 20020606104010.5 | ||
| 008 | 971106s1997 nkca db 00000 eng d | ||
| 010 | |a ce 97901208 | ||
| 015 | |a C97-901208-2E | ||
| 020 | |a 2760003523 | ||
| 035 | 0 | |a ocm38107262 | |
| 040 | |a CaOONL |b eng |c CaOONL | ||
| 041 | 0 | |a engfre | |
| 050 | 4 | |a SH20.3 |b .A68 1997 | |
| 082 | 0 | |a 639.8/03 |2 21 | |
| 245 | 0 | 0 | |a Aquaculture : |b vocabulaire anglais-français, francais-anglais = Aquaculture : English-French, French-English vocabulary / |c Centre de recherche en linguistique appliquée. |
| 246 | 3 | 1 | |a Aquaculture |
| 260 | |a Moncton, N.B. : |b Editions d'Acadie, |c 1997. | ||
| 300 | |a 664 p. : |b ill. ; |c 23 cm. | ||
| 504 | |a Includes bibliographical references. | ||
| 546 | |a Text in French and English. | ||
| 650 | 0 | |a Aquaculture |x Dictionaries |x French. | |
| 650 | 0 | |a Aquaculture |v Dictionaries. | |
| 650 | 0 | |a French language |x Dictionaries |x English. | |
| 650 | 0 | |a English language |x Dictionaries |x French. | |
| 655 | 7 | |a Dictionaries. |2 fast | |
| 710 | 2 | |a Université de Moncton. |b Centre de recherche en linguistique appliquée. | |
| 776 | 0 | 8 | |i Online version: |t Aquaculture. |d Moncton, N.B. : Éditions d'Acadie, 1997 |w (OCoLC)894872298 |
| 988 | |a 20020608 | ||
| 906 | |0 OCLC | ||


